000 00439nam a2200169Ia 4500
008 230718s9999 xx 000 0 und d
020 _a9788131529034
041 _aeng
082 _a005.13'3
_bLAM
100 _aLambert K.A.
245 _aFundamentals Of Python
260 _c2017
_bCengage Learning
300 _a394
365 _cRs.
_b399.00
700 _aLambert K.A.
906 _dO:0589926-Feb-2018B:513601-Feb-2018
_cSIT
_b223.44
999 _c347064
_d347064